Welcome to the Holygrace Academy Library

Please use search bar below to get started

QUIDDITCH THROUGH THE AGES (Record no. 6649)

MARC details
000 -LEADER
fixed length control field 00311nam a22001337a 4500
020 ## - INTERNATIONAL STANDARD BOOK NUMBER
ISBN 0-439-32161-1
082 ## - DEWEY DECIMAL CLASSIFICATION NUMBER
Classification number 001
Item number KEN/Q
100 ## - MAIN ENTRY--AUTHOR NAME
Personal name WHISP, KENNILWORTHY
245 ## - TITLE STATEMENT
Title QUIDDITCH THROUGH THE AGES
260 ## - PUBLICATION, DISTRIBUTION, ETC. (IMPRINT)
Place of publication NEW YORK
Name of publisher SCHOLASTIC
Year of publication 2001
300 ## - PHYSICAL DESCRIPTION
Number of Pages 56
650 ## - SUBJECT ADDED ENTRY--TOPICAL TERM
Topical Term GENERAL KNOWLEDGE
Geographic subdivision INDIA
942 ## - ADDED ENTRY ELEMENTS (KOHA)
Koha item type Books
Holdings
Withdrawn status Lost status Collection code Home library Current library Shelving location Date acquired Source of acquisition Full call number Accession Number Koha item type
    G.K Main Library Main Library SHELF-17B-- G.K RELATED QUIZ BOOK 06/05/2016 purchase 001 KEN/Q 04256 Books